<?xml version="1.0" encoding="UTF-8"?>
<record
    xmlns:xsi="http://www.w3.org/2001/XMLSchema-instance"
    xsi:schemaLocation="http://www.loc.gov/MARC21/slim http://www.loc.gov/standards/marcxml/schema/MARC21slim.xsd"
    xmlns="http://www.loc.gov/MARC21/slim">

  <leader>00889nam a22002657a 4500</leader>
  <controlfield tag="003">0</controlfield>
  <controlfield tag="005">20180801155055.0</controlfield>
  <controlfield tag="008">0</controlfield>
  <datafield tag="010" ind1=" " ind2=" ">
    <subfield code="a">B-219801</subfield>
  </datafield>
  <datafield tag="020" ind1=" " ind2=" ">
    <subfield code="c">00.00</subfield>
    <subfield code="a">8171419577</subfield>
  </datafield>
  <datafield tag="035" ind1=" " ind2=" ">
    <subfield code="a">B-219801, B-219802</subfield>
  </datafield>
  <datafield tag="037" ind1=" " ind2=" ">
    <subfield code="b">Cen Lib/Ret</subfield>
  </datafield>
  <datafield tag="040" ind1=" " ind2=" ">
    <subfield code="a">DPL</subfield>
    <subfield code="b">EN</subfield>
    <subfield code="c">0</subfield>
  </datafield>
  <datafield tag="082" ind1=" " ind2=" ">
    <subfield code="a">658.406</subfield>
    <subfield code="b">SHY</subfield>
  </datafield>
  <datafield tag="100" ind1=" " ind2=" ">
    <subfield code="a">Shyni, Kumari B. K.</subfield>
    <subfield code="9">24989</subfield>
  </datafield>
  <datafield tag="245" ind1=" " ind2=" ">
    <subfield code="a">Change management vis-A-vis human resource management /</subfield>
    <subfield code="c">by Kumari B.K. Shyni [and] G. Simon Thattil </subfield>
  </datafield>
  <datafield tag="260" ind1=" " ind2=" ">
    <subfield code="a">New Delhi </subfield>
    <subfield code="b">Discovery Publishing House </subfield>
    <subfield code="c">2005</subfield>
  </datafield>
  <datafield tag="270" ind1=" " ind2=" ">
    <subfield code="a">4831/24, Ansari Road, Dariya Ganj </subfield>
    <subfield code="b">New Delhi </subfield>
    <subfield code="e">110002</subfield>
  </datafield>
  <datafield tag="300" ind1=" " ind2=" ">
    <subfield code="a">329p.</subfield>
    <subfield code="c">21cm(Hb)</subfield>
  </datafield>
  <datafield tag="500" ind1=" " ind2=" ">
    <subfield code="a">Includes bibliographical references and index </subfield>
  </datafield>
  <datafield tag="650" ind1=" " ind2=" ">
    <subfield code="a">Human resource amangement </subfield>
    <subfield code="9">24990</subfield>
  </datafield>
  <datafield tag="650" ind1=" " ind2=" ">
    <subfield code="a">Change management </subfield>
    <subfield code="x">Implications </subfield>
    <subfield code="9">24991</subfield>
  </datafield>
  <datafield tag="700" ind1=" " ind2=" ">
    <subfield code="a">Thattil, G. Simon </subfield>
    <subfield code="9">24992</subfield>
  </datafield>
  <datafield tag="942" ind1=" " ind2=" ">
    <subfield code="2">ddc</subfield>
    <subfield code="c">EN</subfield>
    <subfield code="h">658.406</subfield>
    <subfield code="m">SHY</subfield>
  </datafield>
  <datafield tag="999" ind1=" " ind2=" ">
    <subfield code="c">128975</subfield>
    <subfield code="d">128975</subfield>
  </datafield>
  <datafield tag="952" ind1=" " ind2=" ">
    <subfield code="0">0</subfield>
    <subfield code="1">0</subfield>
    <subfield code="4">0</subfield>
    <subfield code="7">0</subfield>
    <subfield code="a">L</subfield>
    <subfield code="b">L</subfield>
    <subfield code="d">2015-07-04</subfield>
    <subfield code="e">Cen Lib/Ret</subfield>
    <subfield code="g">0.00</subfield>
    <subfield code="l">0</subfield>
    <subfield code="o">658.406 SHY</subfield>
    <subfield code="p">B-219801</subfield>
    <subfield code="r">2015-07-04 00:00:00</subfield>
    <subfield code="t">1</subfield>
    <subfield code="v">0.00</subfield>
    <subfield code="w">2015-07-04</subfield>
    <subfield code="y">EN</subfield>
  </datafield>
  <datafield tag="952" ind1=" " ind2=" ">
    <subfield code="0">0</subfield>
    <subfield code="1">0</subfield>
    <subfield code="2">ddc</subfield>
    <subfield code="4">0</subfield>
    <subfield code="7">0</subfield>
    <subfield code="8">NFIC</subfield>
    <subfield code="a">BL1</subfield>
    <subfield code="b">BL1</subfield>
    <subfield code="d">2018-08-01</subfield>
    <subfield code="e">BPPD/PUB</subfield>
    <subfield code="g">775.00</subfield>
    <subfield code="l">0</subfield>
    <subfield code="o">658.406 SHY</subfield>
    <subfield code="p"> B-219802</subfield>
    <subfield code="r">2018-08-01 00:00:00</subfield>
    <subfield code="v">775.00</subfield>
    <subfield code="w">2018-08-01</subfield>
    <subfield code="y">EN</subfield>
  </datafield>
  <datafield tag="952" ind1=" " ind2=" ">
    <subfield code="0">0</subfield>
    <subfield code="1">0</subfield>
    <subfield code="2">ddc</subfield>
    <subfield code="4">0</subfield>
    <subfield code="7">0</subfield>
    <subfield code="a">ZLS</subfield>
    <subfield code="b">ZLS</subfield>
    <subfield code="d">2019-04-10</subfield>
    <subfield code="l">0</subfield>
    <subfield code="o">658.406 SHY</subfield>
    <subfield code="p">B-219803</subfield>
    <subfield code="r">2019-04-10 00:00:00</subfield>
    <subfield code="w">2019-04-10</subfield>
    <subfield code="y">EN</subfield>
  </datafield>
</record>
